000 00544nam a2200157 a 4500
001 000002060
005 20200929145822.0
008 090630s2002 dr a 000 0 spa d
040 _aDO-SdBNP
_bspa
_cBNPHU
100 1 _aAlcántara, Anibal
_96633
245 1 0 _aEnglish for me four me 4 /
_cAnibal Alcántara ; editor Jennifer Wilner ; ilustración Héctor J. Matias.
260 _aSanto Domingo :
_bAmigo del Hogar,
_c2002.
300 _a92 p. :
_bil. ;
_c28 cm.
700 1 2 _aMatias, Héctor J.,
_eil.
_96634
700 1 2 _aWilner, Jennifer,
_eed.
_96635
999 _c1924
_d1924